00818nam a22002057a 450000500170000000800410001702000180005804000250007604100080010104400070010924501130011626001590022930000240038850400500041265000260046265000360048865000430052465000220056765000230058920200104041632.0150115b xxu|| |r|||| 00| 0 spa d a9789588370392 aCO-BoIAVHcCO-BoIAVH aspa ack aBuenas prácticas ambientales: bFase de recuperación y conservación Cuenca Media del Río Otún, FNR aPereira :bCorporación Autónoma Regional de Risaralda-CARDER, bGobernación de Risaralda,bFondo Nacional de Regalias,c[Sin fecha de publicación] a29 pagbIl.c17 cm. aIncluye referencias bibliográficas (pag 28) 6aEducación ambiental aProtección del medio ambiente 6aProtección de los recursos naturales aDerecho ambiental aCultura Ambiental